| 000 | 01461nam a22003737a 4500 | ||
|---|---|---|---|
| 003 | CHAP | ||
| 005 | 20241112062704.0 | ||
| 008 | 091013s2008 mx a r 00010 spa d | ||
| 010 | _a96864 | ||
| 011 | _a97836 | ||
| 020 | _a9789680204588 | ||
| 035 | _a108508 | ||
| 040 | _cCHAP | ||
| 082 | 0 | 4 |
_a636.0894433 _bAl79 |
| 245 | 0 | 0 |
_aAlternativas al manejo de la garrapata Boophilus microplus en el trópico _c/por Manuel Ángel Gómez ...[et al.] |
| 260 |
_aMéxico, D.F. : _bUACH, _c2008 |
||
| 300 |
_a150p. : _bilus. |
||
| 590 |
_aBATCH-UPD _b10 _c20130110 _lUCH01 _h1742 |
||
| 590 |
_aBATCH-UPD _b10 _c20130410 _lUCH01 _h1121 |
||
| 590 |
_aBATCH-UPD _b10 _c20130914 _lUCH01 _h0658 |
||
| 590 |
_aCONVERSION _b10 _c20130109 _lUCH01 _h1354 |
||
| 650 | 1 | 4 | _aBoophilus microplus. |
| 650 | 1 | 4 |
_aGanado vacuno _xParásitos. _945500 |
| 650 | 1 | 4 |
_aGanado vacuno _xTrópicos. _945522 |
| 700 | 1 |
_aGómez Cruz, Manuel Ángel _949661 |
|
| 901 | _aBK | ||
| 911 | _aen proceso | ||
| 942 | _cLIBRO | ||
| 949 |
_a636.0894433 Al79 _bBC _cLIBRO _d33724002114231 _eLIBRO _fc.2 _gI.c/e _h111080 _i108508 _sb |
||
| 949 |
_a636.0894433 Al79 _bBC _cLIBRO _d33724002130967 _eLIBRO _fc.3 _gI.c/e _h111081 _i108508 _sb |
||
| 949 |
_a636.0894433 Al79 _bBC _cLIBRO _d33724002131009 _eLIBRO _fc.4 _gI.c/e _h111082 _i108508 _sb |
||
| 949 |
_a636.0894433 Al79 _bBC _cLIBRO _d33724002174181 _eLIBRO _fc.5 _gI.c/e _h112851 _i108508 _sb |
||
| 949 |
_a636.0894433 Al79 _bBC _cUACH _d33724002112033 _eUACH _gI.c/e _h111079 _i108508 _sb |
||
| 999 |
_c96864 _d96864 |
||